В поисках своего Я (Запись № 12516255)

Подробности
000 -МАРКЕР
контрольное поле 03527nam0a2200409 4500
001 - ИДЕНТИФИКАТОР ЗАПИСИ
контрольное поле RU\NLR\BIBL_A\012879953
005 - ИДЕНТИФИКАТОР ВЕРСИИ
контрольное поле 20221115150748.0
010 ## - МЕЖДУНАРОДНЫЙ СТАНДАРТНЫЙ НОМЕР КНИГИ (ISBN)
Номер (ISBN) 978-5-6047572-9-1
Тираж 500
021 ## - НОМЕР ГОСУДАРСТВЕННОЙ РЕГИСТРАЦИИ
Код страны Российская Федерация
Номер КН-П-22-045083
Номер Листа государственной регистраци КН-П-22-3893
035 ## - ДРУГИЕ СИСТЕМНЫЕ НОМЕРА
Идентификатор записи (NLR Aleph) 012879953
035 ## - ДРУГИЕ СИСТЕМНЫЕ НОМЕРА
Идентификатор записи (RuMoRGB)011137895
100 ## - ДАННЫЕ ОБЩЕЙ ОБРАБОТКИ
Данные общей обработки 20220901d2022 k y0rusy50 ca
101 1# - ЯЗЫК РЕСУРСА
Язык текста, звукозаписи и т.д. русский
Язык оригинала польский
102 ## - СТРАНА ПУБЛИКАЦИИ ИЛИ ПРОИЗВОДСТВА
Страна публикации Российская Федерация
105 ## - ПОЛЕ КОДИРОВАННЫХ ДАННЫХ: ТЕКСТОВЫЕ МАТЕРИАЛЫ, МОНОГРАФИЧЕСКИЕ
Кодированные данные о монографическом текстовом документе ac||z|||000zy
181 #0 - ПОЛЕ КОДИРОВАННЫХ ДАННЫХ: ВИД СОДЕРЖАНИЯ
Код вида содержания (ISBD) i
Код характеристики содержания (ISBD) axxe
182 #0 - ПОЛЕ КОДИРОВАННЫХ ДАННЫХ: ТИП СРЕДСТВА
Код типа средства (ISBD) n - непосредственное
200 1# - ЗАГЛАВИЕ И СВЕДЕНИЯ ОБ ОТВЕТСТВЕННОСТИ
Основное заглавие В поисках своего Я
Сведения, относящиеся к заглавию участие национальной интеллигенции в возникновении этнической идентичности у башкир, бурят и татар
-- авторизированный перевод с польского
Первые сведения об ответственности Войцех Зайончковский
Последующие сведения об ответственности [авт. послесловия: И. В. Кучумов]
-- Министерство науки и высшего образования Российской Федерации, Институт этнологических исследований им. Р. Г. Кузеева - обособленное структурное подразделение ФГБНУ Уфимского федерального исследовательского центра Российской академии наук
203 ## - ВИД СОДЕРЖАНИЯ И ТИП СРЕДСТВА
Вид содержания Текст
Дополнительные сведения об издании визуальный
Тип средства непосредственный
210 ## - ПУБЛИКАЦИЯ, РАСПРОСТРАНЕНИЕ И ДР.
Место издания, распространения и т.д. Уфа
Имя издателя, распространителя и т. д. Первая типография
Дата издания, распространения и т.д. 2022
215 ## - ФИЗИЧЕСКАЯ ХАРАКТЕРИСТИКА
Специфическое обозначение материала и объем 238, [1] с.
Другие сведения о физической характеристике ил., портр., табл.
Размеры 21
225 1# - СЕРИЯ
Основное заглавие серии Volgo-Uralicа
Сведения, относящиеся к заглавию Kuzeev anthropological series
300 ## - ОБЩИЕ ПРИМЕЧАНИЯ
Текст примечания Пер. изд.: W poszukiwaniu tożsamości społecznej / Wojciech Zajączkowski. - Lublin, 2001
300 ## - ОБЩИЕ ПРИМЕЧАНИЯ
Текст примечания На 4-й с. обл. авт.: В. Зайончковский - д-р ист. наук
320 ## - ПРИМЕЧАНИЯ О НАЛИЧИИ В ДОКУМЕНТЕ БИБЛИОГРАФИИ / УКАЗАТЕЛЯ
Текст примечания Библиогр. в подстроч. примеч.
330 ## - РЕЗЮМЕ ИЛИ РЕФЕРАТ
Текст примечания Исследование польского политолога, историка и дипломата посвящено анализу участия национальной интеллигенции в возникновении и развитии этнического самосознания у башкир, бурят и татар с конца XIX в. Изучение документов, интервью с общественными деятелями и учеными позволили автору сформулировать ряд теоретических выводов, касающихся практики межнациональных отношений в нашей стране. Книга предназначена для историков, этнологов, политологов, обществоведов
454 #0 - ОРИГИНАЛ (ПЕРЕВОДА)
Встроенное поле 2001#$aW poszukiwaniu tożsamości społecznej$fWojciech Zajączkowski
-- 210##$aLublin$d2001
-- 700#1$aZajączkowski$bW.$f1963-$gWojciech
Заглавие W poszukiwaniu tożsamości społecznej
Автор Zajączkowski, Wojciech (1963-)
606 1# - НАИМЕНОВАНИЕ ТЕМЫ КАК ПРЕДМЕТ
Наименование темы Национальная идентичность
Географический подзаголовок Российская Федерация
Системный номер авторитетной/нормативной записи 2393525
Идентификатор авторитетной/нормативной записи RU\NLR\AUTH\661427200
606 1# - НАИМЕНОВАНИЕ ТЕМЫ КАК ПРЕДМЕТ
Наименование темы Интеллигенция
Географический подзаголовок Российская Федерация
Системный номер авторитетной/нормативной записи 2085056
Идентификатор авторитетной/нормативной записи RU\NLR\AUTH\661261160
686 1# - ИНДЕКСЫ ДРУГИХ КЛАССИФИКАЦИЙ
Индекс Т3(2)74-72
686 1# - ИНДЕКСЫ ДРУГИХ КЛАССИФИКАЦИЙ
Индекс Т3(2)74-293
700 #1 - ИМЯ ЛИЦА - ПЕРВИЧНАЯ ОТВЕТСТВЕННОСТЬ
Начальный элемент ввода Зайончковский
Часть имени, кроме начального элемента ввода В. Я.
Даты 1963-
Расширение инициалов личного имени Войцех Яцек
942 ## - ДОПОЛНИТЕЛЬНЫЕ ЭЛЕМЕНТЫ ЗАПИСИ (АБИС)
Тип экземпляра АБИС Книга
980 ## - КОЛЛЕКЦИЯ
Название коллекции Национальная библиография
Экземпляры
Тип экземпляра Дата поступления Источник поступления Библиотека постоянного хранения Библиотека текущего хранения Место хранения Шифр хранения Штрих-код Статус экземпляра
Книга 01.09.2022 Обязательный экземпляр РНБ (Московский) РНБ (Московский) Русский книжный фонд: издания с 1957 года 2022-3/24135 1-3957296  
Книга 01.09.2022 Обязательный экземпляр РНБ (Московский) РНБ (Московский) Русский книжный фонд: издания с 1957 года 2022-3/24135 1-3957292